000 00374nam a2200157 4500
008 190529s2009||||xo d
100 1 _aMinns Sue
_91161
245 1 0 _aCo jsou to spríznené duše
260 _bEugenika
_aBratislava
_c2009
041 1 _acze
044 _axo
_cSK
020 _a9788081001154
_c0
250 _a1.vydanie
300 _a199 s.
958 _aA
999 _c22465
_d22465